[Event "Nuremberg Zabo op 23rd"]
[Site "Nuremberg"]
[Date "2023.09.16"]
[Round "3"]
[White "Brenner, Christian"]
[Black "Nuesslein, Christian"]
[Result "1-0"]
[WhiteElo "1988"]
[BlackElo "1796"]
[PlyCount "69"]
[EventDate "2023.09.15"]
[EventType "swiss"]
[EventRounds "5"]
[EventCountry "GER"]
[SourceTitle "EXT 2024"]
[Source "ChessBase"]
[SourceDate "2023.10.10"]
[SourceVersion "1"]
[SourceVersionDate "2023.10.10"]
[SourceQuality "1"]

1. e4 Nf6 2. e5 Nd5 3. d4 d6 4. Nf3 c5 5. c4 Nb6 6. d5 dxe5 7. Nxe5 e6 8. Bd3 exd5 9. 0-0 Bd6 10. cxd5 0-0 11. f4 Bxe5 12. fxe5 Qxd5 13. Nc3 Qd4+ 14. Kh1 a6 15. Ne2 Qxe5 16. Bf4 Qd5 17. Nc3 Qd4 18. Qc2 g6 19. Rad1 Qh8 20. Qf2 Bg4 21. Rd2 N8d7 22. Bd6 Qg7 23. Bxf8 Rxf8 24. a4 Ne5 25. Qxc5 Nbd7 26. Qf2 Be6 27. Be2 Rc8 28. Ne4 Bb3 29. a5 Rc6 30. Qe3 Bc4 31. h3 h6 32. Nd6 b5 33. axb6 Bxe2 34. Qxe2 Rxb6 35. Nxf7 1-0

[Event "Nuremberg Zabo op 23rd"]
[Site "Nuremberg"]
[Date "2023.09.15"]
[Round "1"]
[White "Brenner, Christian"]
[Black "Albayrak, Berrak"]
[Result "1-0"]
[WhiteElo "1988"]
[BlackElo "1674"]
[PlyCount "63"]
[EventDate "2023.09.15"]
[EventType "swiss"]
[EventRounds "5"]
[EventCountry "GER"]
[SourceTitle "EXT 2024"]
[Source "ChessBase"]
[SourceDate "2023.10.10"]
[SourceVersion "1"]
[SourceVersionDate "2023.10.10"]
[SourceQuality "1"]

1. e4 d6 2. d4 Nf6 3. Nc3 g6 4. f4 Bg7 5. Nf3 c5 6. d5 0-0 7. Bd3 e6 8. 0-0 Nbd7 9. dxe6 fxe6 10. Ng5 Nb6 11. Be3 Qe7 12. a4 d5 13. a5 Nbd7 14. e5 Ne8 15. Nxh7 Kxh7 16. Qh5+ Kg8 17. Qxg6 Nef6 18. exf6 Nxf6 19. Rf3 d4 20. Ne4 dxe3 21. Rh3 Nxe4 22. Bxe4 Rf5 23. g4 Qf7 24. gxf5 Qxg6+ 25. fxg6 Bxb2 26. Rb1 Bd4 27. Kf1 Rb8 28. Rh7 Bg7 29. Ke2 b6 30. Kxe3 Ba6 31. h4 b5 32. Rd1 1-0

[Event "Mittelfranken-chTB1 1819"]
[Site "Mittelfranken"]
[Date "2018.10.14"]
[Round "1.2"]
[White "Brenner, Christian"]
[Black "Fiedler, Lars"]
[Result "1/2-1/2"]
[WhiteElo "1988"]
[BlackElo "1989"]
[PlyCount "83"]
[EventDate "2018.10.14"]
[EventType "team-tourn"]
[EventRounds "9"]
[EventCountry "GER"]
[SourceTitle "EXT 2022"]
[Source "ChessBase"]
[SourceDate "2021.10.06"]
[SourceVersion "1"]
[SourceVersionDate "2021.10.06"]
[SourceQuality "1"]
[WhiteTeam "Nuernberg Zabo Eintracht"]
[BlackTeam "Lauf SV"]
[WhiteTeamCountry "GER"]
[BlackTeamCountry "GER"]

1. e4 c5 2. Nf3 g6 3. Nc3 Bg7 4. g3 Nc6 5. Bg2 Rb8 6. 0-0 d6 7. h3 Nf6 8. d4 cxd4 9. Nxd4 0-0 10. Be3 a5 11. Ndb5 Be6 12. Qe2 Qc8 13. Kh2 Nb4 14. a3 Bc4 15. Qd2 Bxf1 16. Rxf1 Nc6 17. f4 Nd7 18. f5 Nde5 19. b3 Qd7 20. Nd5 a4 21. Bh6 f6 22. Bxg7 Kxg7 23. Nbc7 Nd8 24. bxa4 Rc8 25. Nb5 Rc6 26. Nf4 g5 27. Nd5 Ra6 28. Rb1 e6 29. Ne3 Kh8 30. fxe6 Nxe6 31. Nf5 Rd8 32. Rd1 Rxa4 33. Nfxd6 Nc4 34. Qc3 Qe7 35. Nf5 Qf8 36. Rd5 Ne5 37. Rxe5 fxe5 38. Qxe5+ Ng7 39. Nc7 Ra6 40. Nxa6 bxa6 41. c4 h5 42. c5 1/2-1/2

[Event "Nuremberg Zabo op 20th"]
[Site "Nuremberg"]
[Date "2018.09.15"]
[Round "2"]
[White "Keller, Jan Christopher"]
[Black "Brenner, Christian"]
[Result "0-1"]
[WhiteElo "1232"]
[BlackElo "1941"]
[PlyCount "62"]
[EventDate "2018.09.15"]
[EventType "swiss"]
[EventRounds "5"]
[EventCountry "GER"]
[SourceTitle "EXT 2020"]
[Source "ChessBase"]
[SourceDate "2019.10.17"]
[SourceVersion "1"]
[SourceVersionDate "2019.10.17"]
[SourceQuality "1"]

1. c3 Nf6 2. d4 g6 3. Nf3 Bg7 4. Bf4 d6 5. Nbd2 0-0 6. e4 Nbd7 7. Bd3 e5 8. dxe5 dxe5 9. Bxe5 Nxe5 10. Nxe5 Re8 11. Ndc4 b5 12. Nc6 Qd5 13. N4e5 Rxe5 14. Nxe5 Qxe5 15. Qc2 Be6 16. 0-0 Bh6 17. g3 Bf8 18. f4 Bc5+ 19. Kh1 Qh5 20. Be2 Qh6 21. f5 gxf5 22. exf5 Bd5+ 23. Bf3 c6 24. Bxd5 cxd5 25. Rae1 Ne4 26. Rxe4 dxe4 27. Qxe4 Rd8 28. Qg4+ Kh8 29. f6 Qg6 30. Qe2 Qg5 31. Qxb5 Qd5+ 0-1

[Event "Mittelfranken Cup final"]
[Site "Nuremberg"]
[Date "2018.03.10"]
[Round "2.1"]
[White "Thuerauf, Peter"]
[Black "Brenner, Christian"]
[Result "0-1"]
[WhiteElo "1835"]
[BlackElo "1990"]
[PlyCount "78"]
[EventDate "2018.03.10"]
[EventType "k.o."]
[EventRounds "3"]
[EventCountry "GER"]
[SourceTitle "EXT 2020"]
[Source "ChessBase"]
[SourceDate "2019.10.17"]
[SourceVersion "1"]
[SourceVersionDate "2019.10.17"]
[SourceQuality "1"]

1. d4 Nf6 2. Nf3 g6 3. c4 Bg7 4. g3 0-0 5. Bg2 d6 6. 0-0 Nc6 7. h3 e5 8. Be3 Nh5 9. Nc3 Re8 10. Bg5 f6 11. Bc1 e4 12. Nd2 e3 13. fxe3 Nxg3 14. Rf3 Nf5 15. Nde4 Nh4 16. Rg3 f5 17. Ng5 Bf6 18. Bd5+ Kg7 19. Nf3 f4 20. exf4 Nxf3+ 21. Bxf3 Nxd4 22. e4 c5 23. Nd5 Bh4 24. Rg2 Bxh3 25. Rh2 Bf5 26. Be3 Nxf3+ 27. Qxf3 Rxe4 28. Qh1 g5 29. Rg2 Kh8 30. Bd2 Rxc4 31. Bc3+ Rxc3 32. Nxc3 Qe7 33. Rd2 Qg7 34. Qd5 gxf4+ 35. Kh1 Qg6 36. Qxb7 Rg8 37. Rg2 Bg3 38. Kg1 Bh3 39. Rd2 Bf2+ 0-1

[Event "Nuremberg Zabo op 19th"]
[Site "Nuremberg"]
[Date "2017.09.17"]
[Round "5"]
[White "Brenner, Christian"]
[Black "Weber, Daniel1111"]
[Result "0-1"]
[WhiteElo "1925"]
[BlackElo "2069"]
[PlyCount "62"]
[EventDate "2017.09.15"]
[EventType "swiss"]
[EventRounds "5"]
[EventCountry "GER"]
[SourceTitle "EXT 2022"]
[Source "ChessBase"]
[SourceDate "2021.10.06"]
[SourceVersion "1"]
[SourceVersionDate "2021.10.06"]
[SourceQuality "1"]

1. e4 e6 2. d3 d5 3. Nd2 Nf6 4. Ngf3 c5 5. g3 g6 6. Bg2 Bg7 7. 0-0 0-0 8. Qe2 Nc6 9. c3 b5 10. Re1 a5 11. Nb3 Qb6 12. Be3 Nd7 13. exd5 exd5 14. Ng5 a4 15. Nd2 h6 16. Nh3 Nf6 17. d4 cxd4 18. cxd4 Bf5 19. Nf4 Rfd8 20. Nf3 Nb4 21. Nh4 Bg4 22. Qd2 Nc6 23. h3 Bc8 24. Nf3 Ne4 25. Qd1 Bb7 26. Ne2 Rac8 27. Nc3 a3 28. Nxe4 dxe4 29. Nd2 Bxd4 30. bxa3 Bxe3 31. fxe3 Ne5 0-1

[Event "Mittelfranken-ch HT 66th"]
[Site "Uttenreuth"]
[Date "2017.04.13"]
[Round "6"]
[White "Boehme, Sebastian1111"]
[Black "Brenner, Christian"]
[Result "1-0"]
[WhiteElo "2122"]
[BlackElo "2032"]
[PlyCount "55"]
[EventDate "2017.04.11"]
[EventType "swiss"]
[EventRounds "9"]
[EventCountry "GER"]
[SourceTitle "EXT 2020"]
[Source "ChessBase"]
[SourceDate "2019.10.17"]
[SourceVersion "1"]
[SourceVersionDate "2019.10.17"]
[SourceQuality "1"]

1. e4 e5 2. Nc3 Nf6 3. Bc4 Nc6 4. d3 Bc5 5. f4 d6 6. Nf3 Bg4 7. Na4 Bb6 8. Nxb6 axb6 9. c3 0-0 10. 0-0 d5 11. exd5 Nxd5 12. h3 Bxf3 13. Qxf3 Nxf4 14. Bxf4 exf4 15. Qxf4 Qd7 16. d4 Rae8 17. Rae1 Re7 18. Rxe7 Qxe7 19. a3 Nd8 20. Rf2 Qd7 21. Re2 b5 22. Bb3 Nc6 23. Qe4 Na5 24. Ba2 c6 25. Qe7 Qf5 26. Rf2 Qh5 27. Bxf7+ Rxf7 28. Qe8+ 1-0

[Event "Mittelfranken-ch HT 66th"]
[Site "Uttenreuth"]
[Date "2017.04.13"]
[Round "5"]
[White "Meyer, Juergen1111"]
[Black "Brenner, Christian"]
[Result "0-1"]
[WhiteElo "1839"]
[BlackElo "2032"]
[PlyCount "70"]
[EventDate "2017.04.11"]
[EventType "swiss"]
[EventRounds "9"]
[EventCountry "GER"]
[SourceTitle "EXT 2020"]
[Source "ChessBase"]
[SourceDate "2019.10.17"]
[SourceVersion "1"]
[SourceVersionDate "2019.10.17"]
[SourceQuality "1"]

1. d4 Nf6 2. Nf3 g6 3. e3 Bg7 4. Be2 0-0 5. 0-0 d5 6. c3 c5 7. Nbd2 Nc6 8. a3 b6 9. b4 Qc7 10. b5 Na5 11. Ne5 Nd7 12. Nxd7 Bxd7 13. Bb2 Bf5 14. Rc1 Rad8 15. a4 e5 16. Nb3 Nb7 17. Ba3 Rfe8 18. Bg4 Be6 19. Bxe6 Rxe6 20. Rc2 c4 21. Nc1 exd4 22. exd4 Nd6 23. Re1 Rde8 24. Rxe6 Rxe6 25. f3 Nf5 26. Re2 Ne3 27. Qd2 Bh6 28. Qa2 Bf4 29. h3 Bh2+ 30. Kh1 Bf4 31. Kg1 Bh6 32. Qd2 Ng4 33. Rxe6 Qh2+ 34. Kf1 Qh1+ 35. Ke2 Qxg2+ 0-1

[Event "Mittelfranken-chTB1 1617"]
[Site "Mittelfranken"]
[Date "2017.03.26"]
[Round "8.4"]
[White "Wendland, Reinhard"]
[Black "Brenner, Christian"]
[Result "0-1"]
[WhiteElo "1900"]
[BlackElo "1929"]
[PlyCount "122"]
[EventDate "2016.10.23"]
[EventType "team-tourn"]
[EventRounds "9"]
[EventCountry "GER"]
[SourceTitle "EXT 2022"]
[Source "ChessBase"]
[SourceDate "2021.10.06"]
[SourceVersion "1"]
[SourceVersionDate "2021.10.06"]
[SourceQuality "1"]
[WhiteTeam "Rothenburg"]
[BlackTeam "Nuernberg Zabo Eintracht"]
[WhiteTeamCountry "GER"]
[BlackTeamCountry "GER"]

1. e4 c5 2. Nc3 Nc6 3. Bc4 e6 4. a3 d6 5. d3 g6 6. Nf3 Bg7 7. Bf4 a6 8. Qd2 b5 9. Bb3 Bb7 10. Nd1 Qc7 11. c3 h6 12. a4 b4 13. d4 Na5 14. Bc2 b3 15. Bb1 c4 16. d5 0-0-0 17. Ne3 Ne7 18. 0-0 e5 19. Bg3 Rhf8 20. h3 f5 21. exf5 gxf5 22. Bh4 f4 23. Bxe7 Qxe7 24. Nf5 Qc7 25. Nxg7 Qxg7 26. Be4 Kb8 27. Kh2 Bc8 28. Qe2 Rg8 29. Rg1 Qd7 30. Nd2 Qc7 31. Rh1 Rg5 32. Kg1 Rdg8 33. Kf1 Bd7 34. Bf3 Bf5 35. Ne4 Qg7 36. Rh2 h5 37. Rd1 Rg6 38. Ke1 h4 39. Bg4 Bxe4 40. Qxe4 Rg5 41. Ke2 Qg6 42. f3 Qxe4+ 43. fxe4 Nb7 44. Kf3 Nc5 45. Ra1 Nd3 46. Rb1 Kc7 47. Rhh1 Kb6 48. Rhd1 R8g7 49. Rxd3 cxd3 50. Rd1 Ka5 51. Rxd3 Kxa4 52. Kf2 Kb5 53. Rd1 a5 54. Ra1 a4 55. Be2+ Ka5 56. Bg4 Rc7 57. Ke2 Rxc3 58. bxc3 b2 59. Rb1 a3 60. Kd2 a2 61. Kc2 a1Q 0-1

[Event "Nuremberg Zabo op 18th"]
[Site "Nuremberg"]
[Date "2016.09.17"]
[Round "3"]
[White "Brenner, Christian"]
[Black "Boehme, Markus"]
[Result "1-0"]
[WhiteElo "1869"]
[BlackElo "1962"]
[PlyCount "83"]
[EventDate "2016.09.16"]
[EventType "swiss"]
[EventRounds "5"]
[EventCountry "GER"]
[SourceTitle "EXT 2018"]
[Source "ChessBase"]
[SourceDate "2017.10.13"]
[SourceVersion "1"]
[SourceVersionDate "2017.10.13"]
[SourceQuality "1"]

1. d4 d6 2. e4 Nf6 3. Nc3 Nbd7 4. Nf3 e5 5. Bc4 Be7 6. 0-0 0-0 7. Re1 a6 8. a4 b6 9. Bg5 Bb7 10. Qe2 c6 11. Rad1 Qc7 12. Ba2 b5 13. d5 b4 14. dxc6 Bxc6 15. Nd5 Nxd5 16. exd5 Bxa4 17. Bxe7 Rfe8 18. Bh4 Qxc2 19. Rd2 Qc5 20. Qe4 Rac8 21. h3 Bc2 22. Qg4 f5 23. Qh5 b3 24. Bb1 h6 25. Rc1 Qb4 26. Bxc2 e4 27. Re1 bxc2 28. Rxc2 Rf8 29. Rxc8 Rxc8 30. Qxf5 exf3 31. Re7 Qd4 32. Rxd7 fxg2 33. Kxg2 Rf8 34. Qe6+ Kh8 35. Bg3 Rf6 36. Rd8+ Kh7 37. Qg8+ Kg6 38. Rxd6 Qe4+ 39. Kh2 Rxd6 40. Bxd6 Qf3 41. Bg3 h5 42. h4 1-0

[Event "Nuremberg Zabo op 18th"]
[Site "Nuremberg"]
[Date "2016.09.16"]
[Round "1"]
[White "Brenner, Christian"]
[Black "Bartzik, Michael"]
[Result "1-0"]
[WhiteElo "1869"]
[BlackElo "1362"]
[PlyCount "33"]
[EventDate "2016.09.16"]
[EventType "swiss"]
[EventRounds "5"]
[EventCountry "GER"]
[SourceTitle "EXT 2018"]
[Source "ChessBase"]
[SourceDate "2017.10.13"]
[SourceVersion "1"]
[SourceVersionDate "2017.10.13"]
[SourceQuality "1"]

1. e4 e5 2. Nf3 Nf6 3. d4 Nxe4 4. Bd3 d5 5. Nxe5 Nf6 6. 0-0 Be7 7. Re1 0-0 8. Nc3 Nbd7 9. Bf4 Re8 10. Nb5 Rf8 11. Nxd7 Bxd7 12. Bxc7 Qc8 13. Rxe7 a6 14. Be5 Bxb5 15. Bxf6 gxf6 16. c3 Bc6 17. Qh5 1-0

[Event "Mittelfranken-ch HT"]
[Site "Nuremberg"]
[Date "2016.03.26"]
[Round "9"]
[White "Brenner, Christian"]
[Black "Hannweber, Markus"]
[Result "1/2-1/2"]
[WhiteElo "2037"]
[BlackElo "2029"]
[PlyCount "20"]
[EventDate "2016.03.22"]
[EventType "swiss"]
[EventRounds "9"]
[EventCountry "GER"]
[SourceTitle "EXT 2018"]
[Source "ChessBase"]
[SourceDate "2017.10.13"]
[SourceVersion "1"]
[SourceVersionDate "2017.10.13"]
[SourceQuality "1"]

1. e4 e5 2. Nf3 Nc6 3. Bb5 a6 4. Ba4 Nf6 5. 0-0 b5 6. Bb3 Nxe4 7. Re1 d5 8. d3 Nf6 9. Nxe5 Nxe5 10. Rxe5+ Be6 1/2-1/2

[Event "Nuremberg Zabo op 17th"]
[Site "Nuremberg"]
[Date "2015.09.25"]
[Round "4"]
[White "Walter, Florian"]
[Black "Brenner, Christian"]
[Result "1/2-1/2"]
[WhiteElo "2141"]
[BlackElo "1925"]
[PlyCount "125"]
[EventDate "2015.09.21"]
[EventType "swiss"]
[EventRounds "5"]
[EventCountry "GER"]
[SourceTitle "EXT 2018"]
[Source "ChessBase"]
[SourceDate "2017.10.13"]
[SourceVersion "1"]
[SourceVersionDate "2017.10.13"]
[SourceQuality "1"]

1. c4 b6 2. Nc3 e6 3. Nf3 Nf6 4. g3 Bb7 5. Bg2 g6 6. 0-0 Bg7 7. d3 0-0 8. Bf4 d6 9. Qd2 Re8 10. Bg5 Qc8 11. a4 Nc6 12. Qf4 Nd7 13. Bh6 Bh8 14. h4 e5 15. Qg5 Nf6 16. h5 Nxh5 17. Nd5 f6 18. Qh4 Qd8 19. Nd2 Nd4 20. g4 Nxe2+ 21. Kh2 c6 22. gxh5 cxd5 23. hxg6 hxg6 24. Qg4 Nf4 25. Bxf4 exf4 26. Qxg6+ Bg7 27. Bxd5+ Bxd5 28. Rg1 Qe7 29. cxd5 Qf7 30. Qxf7+ Kxf7 31. Ne4 Bf8 32. Rac1 Rac8 33. Kg2 Be7 34. Kf3 f5 35. Nd2 Bf6 36. Nc4 Rcd8 37. Kxf4 Bd4 38. Kxf5 Re2 39. Rg2 Rf8 40. Rcg1 Ke7+ 41. Kg4 Kd7 42. f4 Re7 43. Rh1 Ref7 44. Rf1 a6 45. Re2 b5 46. axb5 axb5 47. Re4 bxc4 48. Rxd4 cxd3 49. Rxd3 Rg8+ 50. Kf3 Rxf4+ 51. Kxf4 Rf8+ 52. Ke4 Rxf1 53. Kd4 Rc1 54. Rc3 Rd1+ 55. Kc4 Kc7 56. Rd3 Rc1+ 57. Kd4 Kb6 58. Rb3+ Ka5 59. Ke4 Rd1 60. Rd3 Rb1 61. Kf5 Re1 62. Rd4 Re5+ 63. Kf4 1/2-1/2

[Event "Mittelfranken-ch HT"]
[Site "Nuremberg"]
[Date "2015.04.02"]
[Round "5"]
[White "Link, Andreas"]
[Black "Brenner, Christian"]
[Result "1-0"]
[WhiteElo "1983"]
[BlackElo "2049"]
[PlyCount "89"]
[EventDate "2015.03.31"]
[EventType "swiss"]
[EventRounds "9"]
[EventCountry "GER"]
[SourceTitle "EXT 2016"]
[Source "ChessBase"]
[SourceDate "2015.10.08"]
[SourceVersion "1"]
[SourceVersionDate "2015.10.08"]
[SourceQuality "1"]

1. Nf3 Nf6 2. c4 g6 3. g3 Bg7 4. Bg2 0-0 5. 0-0 d6 6. d4 Nbd7 7. Nc3 c6 8. Qc2 e5 9. Bg5 h6 10. Bd2 Qe7 11. d5 cxd5 12. Nxd5 Nxd5 13. cxd5 Nb6 14. e4 f5 15. Nh4 Qf6 16. exf5 g5 17. Nf3 Bxf5 18. Qb3 Rac8 19. Rac1 Rxc1 20. Bxc1 Bg4 21. Nd2 Be2 22. Ne4 Qg6 23. Re1 Bc4 24. Qb4 Bxd5 25. Nxd6 Bxg2 26. Kxg2 Qf6 27. Qb3+ Kh8 28. Ne4 Qc6 29. Kg1 Nd7 30. Bd2 Nf6 31. Nxf6 Qxf6 32. Qe3 b6 33. Bc3 Re8 34. Qe4 Qe6 35. a3 Kg8 36. f4 gxf4 37. gxf4 Qg4+ 38. Kh1 Kh8 39. fxe5 Qxe4+ 40. Rxe4 Kg8 41. Kg2 Kf7 42. e6+ Kf8 43. Rf4+ Kg8 44. Rg4 Re7 45. Kf3 1-0